000 00447nam a2200181Ia 4500
001 11541
005 20260306162835.0
008 260306t1994||||xx |||||||||||||| ||spa||
041 _aESP
082 _a985.072
_bM95
100 _aMunicipalidad de Arequipa
_eAUT
245 0 _aJosé Luis Bustamante y Rivero, vida y obra
260 _c1994
300 _a330 páginas :
_c21cm.
650 _aGEN
654 _aCHU
942 _cLIB
_dJUS
_fJUS
_2ddc
_n
999 _c11541
_d11541